The road ahead / (Record no. 14075)
[ view plain ]
| 000 -LEADER | |
|---|---|
| fixed length control field | 00657nam a2200229 a 4500 |
| 001 - CONTROL NUMBER | |
| JCCL Control Number | 14075 |
| 003 - CONTROL NUMBER IDENTIFIER | |
| JCCL marc code | BD-JhCC |
| 005 - DATE AND TIME OF LATEST TRANSACTION | |
| control field | 20240917103259.0 |
| 008 - FIXED-LENGTH DATA ELEMENTS--GENERAL INFORMATION | |
| fixed length control field | 240917b1996 nyua|||| ||a| 001 0 eng d |
| 020 ## - INTERNATIONAL STANDARD BOOK NUMBER | |
| International Standard Book Number | 0670772895 |
| 035 ## - SYSTEM CONTROL NUMBER | |
| system control number | (BD-JhCC)14075 |
| 040 ## - CATALOGING SOURCE | |
| Original cataloging agency | BD-JhCC |
| Modifying agency | BD-JhCC |
| 041 ## - LANGUAGE CODE | |
| Language code of Book | english |
| 082 ## - DEWEY DECIMAL CLASSIFICATION NUMBER | |
| Classification number | 004.678 |
| Author mark and Year | GAT 1996 |
| 100 ## - MAIN ENTRY--PERSONAL NAME | |
| Personal name | Gates,Bill |
| 245 ## - TITLE STATEMENT | |
| Title | The road ahead / |
| Statement of responsibility, etc | Bill Gates. |
| 260 ## - PUBLICATION, DISTRIBUTION, ETC. (IMPRINT) | |
| Place of publication, distribution, etc | New York: |
| Name of publisher, distributor, etc | Penguin Books; |
| Date of publication, distribution, etc | 1996. |
| 300 ## - PHYSICAL DESCRIPTION | |
| Pagination | xviii, 332 pages. : |
| Other physical details | illustrations ; |
| Dimensions | 23 cm . |
| 650 ## - SUBJECT ADDED ENTRY--TOPICAL TERM | |
| Topical term or geographic name as entry element | Computer industry United States |
| Form subdivision | Computer networks |
| Geographic subdivision | Computer networks United States |
| 942 ## - ADDED ENTRY ELEMENTS (KOHA) | |
| Source of classification or shelving scheme | Dewey Decimal Classification |
| Koha item type | Books |
| Source of classification or shelving scheme | Damaged status | Not for loan | Home library | Current library | Shelving location | Date of accession | Source of acquisition | Cost, normal purchase price | Total Checkouts | Full call number | Barcode | Date last seen | Date checked out | Copy number | Method of acquisition | Koha item type | Currency |
|---|---|---|---|---|---|---|---|---|---|---|---|---|---|---|---|---|---|
| Dewey Decimal Classification | JCC Rouf Library | JCC Rouf Library | General Stacks | 09/17/2024 | With the Compliments Of Shahriar Imtiaz Rahman 27/1483/K | 1870.00 | 1 | 004.678 GAT 1996 | 19691 | 10/22/2025 | 10/15/2025 | C-1 | Gift/Donation | Books | BDT |